[Event "Voronezh op-B 19th"]
[Site "Voronezh"]
[Date "2015.06.20"]
[Round "8"]
[White "Gorozhankin, Vadim"]
[Black "Ajrapetian, Nikita"]
[Result "1-0"]
[WhiteElo "1794"]
[BlackElo "1963"]
[PlyCount "103"]
[EventDate "2015.06.12"]
[EventType "swiss"]
[EventRounds "9"]
[EventCountry "RUS"]
[SourceTitle "CBM 167 Extra"]
[Source "ChessBase"]
[SourceDate "2015.09.14"]
[SourceVersion "1"]
[SourceVersionDate "2015.09.14"]
[SourceQuality "1"]

1. e4 c5 2. Nf3 d6 3. d4 cxd4 4. Nxd4 Nf6 5. Nc3 a6 6. Bg5 e6 7. f4 Be7 8. Qf3 Qc7 9. 0-0-0 Nbd7 10. g4 b5 11. Bxf6 Nxf6 12. g5 Nd7 13. f5 Bxg5+ 14. Kb1 Ne5 15. Qh5 Qe7 16. Nxe6 Bxe6 17. fxe6 0-0 18. Nd5 Qd8 19. Bh3 g6 20. Qe2 Kg7 21. exf7 Rxf7 22. Be6 Rf3 23. Bg4 Rf8 24. Rhf1 Qa5 25. Nc3 Qb4 26. Be6 Qc5 27. a3 b4 28. axb4 Qxb4 29. Rxf8 Rxf8 30. Qxa6 Rb8 31. Bb3 Rb6 32. Nd5 Rxa6 33. Nxb4 Ra7 34. Rf1 h5 35. h3 h4 36. Nd3 Nxd3 37. cxd3 Be3 38. Kc2 Rc7+ 39. Bc4 Bd4 40. b4 Ra7 41. b5 g5 42. Rb1 Kf6 43. Bd5 Ra1 44. Rxa1 Bxa1 45. b6 Bd4 46. b7 Ba7 47. d4 g4 48. hxg4 Kg5 49. e5 dxe5 50. dxe5 Bb8 51. e6 Kf6 52. g5+ 1-0

[Event "Voronezh op-B 19th"]
[Site "Voronezh"]
[Date "2015.06.16"]
[Round "5"]
[White "Lysokonev, Valery"]
[Black "Gorozhankin, Vadim"]
[Result "1-0"]
[WhiteElo "2149"]
[BlackElo "1794"]
[PlyCount "91"]
[EventDate "2015.06.12"]
[EventType "swiss"]
[EventRounds "9"]
[EventCountry "RUS"]
[SourceTitle "CBM 167 Extra"]
[Source "ChessBase"]
[SourceDate "2015.09.14"]
[SourceVersion "1"]
[SourceVersionDate "2015.09.14"]
[SourceQuality "1"]

1. d4 Nf6 2. c4 g6 3. Nc3 d5 4. cxd5 Nxd5 5. e4 Nxc3 6. bxc3 Bg7 7. Be3 c5 8. Bb5+ Bd7 9. Qa4 0-0 10. Bxd7 Nxd7 11. Ne2 a6 12. 0-0 b5 13. Qb3 cxd4 14. cxd4 Nb6 15. Rad1 Nc4 16. Bg5 Qd7 17. f3 Rac8 18. Rfe1 Qa7 19. Bh4 Na5 20. Qa3 Nc6 21. Bf2 Qb7 22. d5 Ne5 23. Nd4 Rc4 24. Ne2 Rfc8 25. Qb3 Nd7 26. Qb1 Nb6 27. f4 Ra4 28. Nd4 Nc4 29. Nc6 Bc3 30. Re2 Na5 31. Qd3 Rc4 32. Ne5 Bxe5 33. fxe5 Rc3 34. Qb1 Nc4 35. Bd4 Ra3 36. Rf1 Ra4 37. Qd3 Ra3 38. Qd1 Qb8 39. Qa1 Rd3 40. Ref2 Rf8 41. e6 f6 42. Bxf6 exf6 43. Rxf6 Rxf6 44. Qxf6 Nd6 45. e7 Nf5 46. Qe6+ 1-0

[Event "Voronezh op-B 19th"]
[Site "Voronezh"]
[Date "2015.06.13"]
[Round "2"]
[White "Gorozhankin, Vadim"]
[Black "Redikultsev, Boris"]
[Result "0-1"]
[WhiteElo "1794"]
[BlackElo "1991"]
[PlyCount "148"]
[EventDate "2015.06.12"]
[EventType "swiss"]
[EventRounds "9"]
[EventCountry "RUS"]
[SourceTitle "CBM 167 Extra"]
[Source "ChessBase"]
[SourceDate "2015.09.14"]
[SourceVersion "1"]
[SourceVersionDate "2015.09.14"]
[SourceQuality "1"]

1. d4 d5 2. c4 e6 3. Nc3 c5 4. cxd5 exd5 5. Nf3 Nc6 6. g3 c4 7. Bg2 Bb4 8. 0-0 Nge7 9. a3 Ba5 10. Nh4 0-0 11. Kh1 f6 12. f4 Be6 13. e3 Rb8 14. f5 Bf7 15. Qg4 Kh8 16. Rd1 Qe8 17. Qe2 Rd8 18. Qf2 Bh5 19. Bf3 Bxf3+ 20. Qxf3 a6 21. Ne2 Bc7 22. Bd2 Nc8 23. Nc3 N8e7 24. Ne2 b5 25. Be1 Nc8 26. Ng2 N8e7 27. g4 g5 28. h4 h6 29. hxg5 hxg5 30. Bg3 Qd7 31. Bxc7 Qxc7 32. Ng3 Kg7 33. Kg1 Rh8 34. Kf2 Kf7 35. Rh1 Qb8 36. Nh5 Na7 37. Rhd1 Qb6 38. Ne1 Nac8 39. Kg2 Nd6 40. Ng3 Rh7 41. Nc2 a5 42. e4 dxe4 43. Nxe4 Nxe4 44. Qxe4 Qc6 45. Qxc6 Nxc6 46. Rh1 Rxh1 47. Rxh1 Nxd4 48. Rd1 Nc6 49. Rxd8 Nxd8 50. Nd4 b4 51. axb4 axb4 52. Kf3 Ke7 53. Ke4 Kd6 54. Nb5+ Kc6 55. Na7+ Kc5 56. Nc8 Nf7 57. Ne7 Nd6+ 58. Ke3 b3 59. Kd2 Kd4 60. Ng8 Ne4+ 61. Kc1 c3 62. Ne7 Nf2 63. bxc3+ Kc4 64. Kb2 Nxg4 65. Ng8 Ne3 66. Nxf6 Nxf5 67. Ng4 Nd6 68. Nf2 Nb5 69. Ne4 g4 70. Nd2+ Kd3 71. Nf1 Nxc3 72. Kxb3 Ne4 73. Nh2 g3 74. Nf3 Nd2+ 0-1

[Event "Voronezh op-B 19th"]
[Site "Voronezh"]
[Date "2015.06.12"]
[Round "1"]
[White "Voronkov, Denis"]
[Black "Gorozhankin, Vadim"]
[Result "1/2-1/2"]
[WhiteElo "2086"]
[BlackElo "1794"]
[PlyCount "116"]
[EventDate "2015.06.12"]
[EventType "swiss"]
[EventRounds "9"]
[EventCountry "RUS"]
[SourceTitle "CBM 167 Extra"]
[Source "ChessBase"]
[SourceDate "2015.09.14"]
[SourceVersion "1"]
[SourceVersionDate "2015.09.14"]
[SourceQuality "1"]

1. d4 Nf6 2. Nf3 g6 3. Bg5 Ne4 4. Bf4 Bg7 5. e3 d5 6. Bd3 Nd6 7. 0-0 0-0 8. Nbd2 Nc6 9. c4 Nb4 10. Be2 dxc4 11. Nxc4 Nd5 12. Bg3 Nxc4 13. Bxc4 Nb6 14. Be2 c6 15. h3 Bf5 16. Rc1 Re8 17. a3 Nd7 18. Bc4 Nb6 19. Ba2 Bh6 20. Qe2 Be4 21. Ne5 Bd5 22. Bxd5 Qxd5 23. f4 Nd7 24. e4 Qd6 25. Qc4 e6 26. Rcd1 Nf6 27. Qe2 c5 28. dxc5 Qxc5+ 29. Bf2 Qa5 30. Bd4 Nh5 31. Qg4 Rad8 32. Bc3 Qc5+ 33. Kh1 Rxd1 34. Rxd1 Bxf4 35. Nd3 Qc7 36. Nxf4 Qxf4 37. Qxf4 Nxf4 38. Rd7 Ne2 39. Be5 Nc1 40. Rxb7 Nd3 41. Bd4 a5 42. Rb3 Nc1 43. Rb5 Ra8 44. g4 Ne2 45. Be5 f6 46. Bxf6 Ng3+ 47. Kg2 Nxe4 48. Bd4 Rd8 49. Be3 Nd6 50. Rc5 a4 51. Rc7 Rc8 52. Rxc8+ Nxc8 53. Kf3 Nd6 54. Bc5 Nc4 55. Bd4 e5 56. Bc3 Kf7 57. Ke4 Ke6 58. Kd3 Kd5 1/2-1/2

[Event "Voronezh op-B 18th"]
[Site "Voronezh"]
[Date "2014.06.13"]
[Round "2"]
[White "Shcherbakov, Nikolay"]
[Black "Gorozhankin, Vadim"]
[Result "1/2-1/2"]
[WhiteElo "1918"]
[BlackElo "1732"]
[PlyCount "71"]
[EventDate "2014.06.12"]
[EventType "swiss"]
[EventRounds "9"]
[EventCountry "RUS"]
[SourceTitle "EXT 2015"]
[Source "ChessBase"]
[SourceDate "2014.11.20"]
[SourceVersion "1"]
[SourceVersionDate "2014.11.20"]
[SourceQuality "1"]

1. c4 Nf6 2. Nc3 g6 3. Nf3 Bg7 4. d4 d5 5. e3 0-0 6. Qb3 c6 7. Be2 dxc4 8. Bxc4 b5 9. Bd3 a6 10. Qc2 Nd5 11. a3 Nxc3 12. Qxc3 Bb7 13. Qc2 Nd7 14. b4 Rc8 15. Bb2 c5 16. dxc5 Bxb2 17. Qxb2 Nxc5 18. Bxb5 axb5 19. bxc5 Bxf3 20. gxf3 Rxc5 21. Ke2 Qc7 22. Rac1 Rc8 23. Rxc5 Qxc5 24. Rd1 Qc4+ 25. Rd3 Qc2+ 26. Qxc2 Rxc2+ 27. Rd2 Rc5 28. h4 Kg7 29. f4 Rh5 30. Rb2 Rxh4 31. Rxb5 Rh1 32. a4 Ra1 33. a5 e6 34. Kf3 h5 35. Kg3 Rg1+ 36. Kh3 1/2-1/2